| 000 | 00986nam a2200265 i 4500 | ||
|---|---|---|---|
| 001 | 15582 | ||
| 003 | ES-MaACL | ||
| 005 | 20251018063038.0 | ||
| 007 | t| | ||
| 008 | 000403s1999 sp |||| |dspa d | ||
| 020 | _a84-95303-1-9 | ||
| 080 | _a929 Mishima, Yukio | ||
| 080 | _a821.112.2 Wassermann, Jacob 7 Fall Maurizius.06 | ||
| 100 | 1 |
_aMiller, Henry, _d1891-1980 _9242368 |
|
| 245 | 1 | 0 |
_aReflexiones sobre la muerte de Mishima y sobre el caso Maurizius / _cHenry Miller ; traducido del inglés por Mario Muchnik. |
| 260 |
_aMadrid : _bEl Taller de Mario Muchnik, _c[1999] |
||
| 300 |
_a123 p. ; _c18 cm. |
||
| 505 | 8 |
_aContiene: ; _tReflexiones sobre la muerte de Mishima ; _tReflexiones sobre el caso Maurizius |
|
| 600 | 0 | 4 |
_aMishima, Yukio, _d1925-1970 _981651 |
| 600 | 1 | 4 |
_aWassermann, Jakob, _d1873-1934 _9116154 |
| 700 | 1 |
_aMuchnik, Mario. _984015 |
|
| 740 | 0 | 2 | _aReflexiones sobre el caso Maurizius. |
| 852 |
_aES-MaACL _jL-22746 |
||
| 999 |
_c15582 _d15582 |
||